| 000 -LEADER |
| fixed length control field |
00841nam a2200241 4500 |
| 001 - CONTROL NUMBER |
| control field |
22717 |
| 003 - CONTROL NUMBER IDENTIFIER |
| control field |
BD-DhUAP |
| 005 - DATE AND TIME OF LATEST TRANSACTION |
| control field |
20250629114141.0 |
| 008 - FIXED-LENGTH DATA ELEMENTS--GENERAL INFORMATION |
| fixed length control field |
071031s2007 bg a 000 0 eng |
| 040 ## - CATALOGING SOURCE |
| Original cataloging agency |
DLC |
| Transcribing agency |
BD-DhUAP |
| Modifying agency |
BD-DhUAP |
| Language of cataloging |
Eng |
| Description conventions |
BD-DhUAP |
| 041 0# - LANGUAGE CODE |
| Language code of text/sound track or separate title |
eng |
| -- |
ben |
| 043 ## - GEOGRAPHIC AREA CODE |
| Geographic area code |
a-bg--- |
| 082 ## - DEWEY DECIMAL CLASSIFICATION NUMBER |
| Edition number |
23 |
| Classification number |
379.599 MAH |
| 100 0# - MAIN ENTRY--PERSONAL NAME |
| Personal name |
Mahmud |
| Titles and words associated with a name |
(Photographer) |
| 245 10 - TITLE STATEMENT |
| Title |
Ang ing Mru rung : |
| Remainder of title |
Āṃ iṃ Mru ruṃ / |
| Statement of responsibility, etc. |
images and text, Mahmud. |
| 246 31 - VARYING FORM OF TITLE |
| Title proper/short title |
Āṃ iṃ Mru ruṃ |
| 260 ## - PUBLICATION, DISTRIBUTION, ETC. |
| Place of publication, distribution, etc. |
Dhaka : |
| Name of publisher, distributor, etc. |
Map Photo Agency, |
| Date of publication, distribution, etc. |
2007. |
| 300 ## - PHYSICAL DESCRIPTION |
| Extent |
168 p. : |
| Other physical details |
col. ill. ; |
| Dimensions |
25 cm. |
| 500 ## - GENERAL NOTE |
| General note |
"Life & struggles of the Mro people in Bangladesh"--Cover. |
| 650 #0 - SUBJECT ADDED ENTRY--TOPICAL TERM |
| Topical term or geographic name entry element |
Mru (South Asian people) |
| Geographic subdivision |
Bangladesh |
| General subdivision |
Social life and customs. |
| 650 #0 - SUBJECT ADDED ENTRY--TOPICAL TERM |
| Topical term or geographic name entry element |
Mru (South Asian people) |
| Geographic subdivision |
Bangladesh |
| General subdivision |
Social life and customs |
| Form subdivision |
Pictorial works. |
| 942 ## - ADDED ENTRY ELEMENTS (KOHA) |
| Source of classification or shelving scheme |
|
| Koha item type |
Book |